000 00724nam a2200241Ia 4500
003 OSt
005 20220930071715.0
006 a|||||r|||| 00| 0
007 ta
008 220926b |||||||| |||| 00| 0 hin d
024 _a17937
037 _cTheses
040 _aCRL
_cCRL
_bhin
041 _2hin
_ahin
100 _aShrivastav Radha Devi
_9528817
110 _aUniversity of Prayag. Faculty of Arts. Department of Hindi
_9528818
245 0 _aMaithlisharan Gupt ki kavya bhasa ka vaganik adhyayan
260 _c1968
650 _aHINDI LITERATURE
_923866
700 _aUniversity of Prayag. Faculty of Arts. Department of Hindi
_9528819
942 _cDIS
_2CC
999 _c862696
_d862696